| Registos Bibliográficos associados ao registo de autoridade |
|
Etiqueta de registo: 00000nam 2200025 450 001 2280625 003 http://id.bnportugal.gov.pt/bib/catbnp/2280625 100 ## $a20260316d2024 k y0pory01030103ba 101 0# $aeng$dpor 102 ## $aPT 105 ## $aa m 000yy 106 ## $ar 200 1# $aDesign and analysis of massive Io T networks in finite block-length regime$fTijana Devaja$gorient. Dejan Vukobratovic, Marko Beko 210 #9 $aLisboa$c[s.n.],$d2024 215 ## $aXXVIII, 102 p.$cil.$d30 cm 328 #1 $aTese dout. Informática (Novos Media e Sistemas Ubíquos), Universidade Lusófona - Centro
Universitário de Lisboa, 2024 675 ## $a004.7(043)$vBN$zpor$3918097 675 ## $a681.58(043)$vBN$zpor$3408358 700 #1 $aDevaja,$bTijana$31991624 702 #1 $aVukobratovic,$bDejan$4727$31991630 702 #1 $aBeko,$bMarko$4727$31397094 801 #0 $aPT$bBN$gRPC 966 ## $lBN$mFGMON$sP. 72335 V.$x1 971 ## $corlando$d20260316 972 ## $e0$z0$d20260410$vlrevez 973 ## $cigoulao$d20260320
|
|
|